|
|
|
|
| LEADER |
00745cam a2200229 a 4500 |
| 001 |
0000084346 |
| 005 |
20070226090000.0 |
| 040 |
|
|
|a mod
|
| 041 |
|
|
|a eng
|
| 020 |
0 |
0 |
|a 0787973548
|
| 090 |
0 |
0 |
|a 658.3124
|b SIL
|c f
|e 2005
|
| 100 |
1 |
0 |
|a Silberman
|h Melvin L
|
| 245 |
1 |
0 |
|a How to bring out the better side of difficult people
|b leader's guide
|c Mel Silberman and Freda Hansburg
|
| 260 |
0 |
0 |
|a San Francisco
|b Pfeiffer
|c 2005
|
| 300 |
0 |
0 |
|a vii, 18p.
|b ill.
|c 28 cm
|
| 440 |
0 |
0 |
|a 60-minute active training series
|
| 650 |
0 |
0 |
|a Interpersonal relations
|
| 650 |
0 |
0 |
|a Employees Training of
|
| 650 |
0 |
0 |
|a Psychology
|x Industrial
|
| 700 |
1 |
1 |
|a Hansburg
|h Freda
|y 1950-
|
| 852 |
0 |
0 |
|a 01
|
| 999 |
|
|
|a 0254285
|b KEMENTAH
|d BOOKS
|e Umum
|f Perpustakaan KEMENTAH
|j AVAILABLE
|q GOOD CONDITION
|